000 00895nam a22002537a 4500
005 20240621175334.0
008 220906b ii ||||| |||| 00| 0 urd d
020 _a9789392496920
_qhb
_cRs.300
040 _aNLI
_burd
_cUrdu Division
041 0 _aurd
044 _aii
082 0 4 _223rd ed.
_aU 891.4391
_bR 837 as
100 1 _6880-01
_aرضی احمد چشتی -Razi Ahmad Chishti
_qرضی احمد چشتی -Razi Ahmad Chishti
_9701212
245 1 0 _6880-02
_aاسرار و ہو -Asrar -e- hoo
_cرضی احمد چشتی -Razi Ahmad Chishti
260 _aNew Delhi
_bEducational Publishing House
_c2021
300 _a244p;
_c22cm.
650 0 _2Urdu Poetry Collection
_aCollection of Urdu Poetry
_vUrdu Poetry / Collection
700 1 _6880-03
852 _aBB
880 1 _6100-01
_aRazi Ahmad Chishti
880 1 _6245-02
_aAsrar -e- hoo
887 _aShagufta
942 _2ddc
_cBKS
999 _c1551907
_d1551907